[Event "Montreal Mercredi 10"]
[Site "Montreal CAN"]
[Date "2013.10.16"]
[Round "3"]
[White "Cardin, Guillaume"]
[Black "Boudreau, Daniel"]
[Result "1/2-1/2"]
[WhiteElo "2061"]
[BlackElo "2067"]
[PlyCount "101"]
[GameId "2160767909229346"]
[EventDate "2013.10.02"]
[EventType "swiss"]
[EventRounds "5"]
[EventCountry "CAN"]
[SourceTitle "EXT 2022"]
[Source "ChessBase"]
[SourceDate "2021.10.06"]
[SourceVersion "1"]
[SourceVersionDate "2021.10.06"]
[SourceQuality "1"]

1. d4 Nf6 2. c4 c5 3. d5 e6 4. Nc3 exd5 5. cxd5 d6 6. Nf3 g6 7. Bf4 Bg7 8. h3 O-O 9. e3 Qe7 10. Nd2 Nh5 11. Bh2 f5 12. Be2 f4 13. e4 Nd7 14. Bxh5 gxh5 15. Qxh5 b5 16. O-O b4 17. Ne2 Bxb2 18. Bxf4 Ba6 19. Rab1 Bc3 20. Bh6 Rf7 21. Ng3 Qe5 22. Nf5 Rxf5 23. Qxf5 Qxf5 24. exf5 Bxf1 25. Kxf1 Nf6 26. Nc4 Ne4 27. Bf4 Be5 28. Bxe5 dxe5 29. Re1 Nc3 30. Rxe5 Nxa2 31. d6 Rd8 32. Rxc5 b3 33. Rb5 Nc1 34. Na5 Rxd6 35. g4 Rb6 36. Rxb6 axb6 37. Nc4 Nd3 38. Nd2 b2 39. h4 b5 40. Ke2 Nf4+ 41. Kd1 Nd3 42. f3 Nb4 43. Nb1 Nd3 44. h5 Ne5 45. Kc2 Nxf3 46. Kxb2 h6 47. Nc3 Ne5 48. Nxb5 Nxg4 49. Kc3 Nf6 50. Kd4 Nxh5 51. Ke5 1/2-1/2

[Event "Montreal Mercredi 10"]
[Site "Montreal CAN"]
[Date "2013.10.16"]
[Round "3"]
[White "Chabot, Roland"]
[Black "Cloutier, Mathieu"]
[Result "1-0"]
[WhiteElo "2137"]
[BlackElo "2104"]
[PlyCount "139"]
[GameId "2160767909229347"]
[EventDate "2013.10.02"]
[EventType "swiss"]
[EventRounds "5"]
[EventCountry "CAN"]
[SourceTitle "EXT 2022"]
[Source "ChessBase"]
[SourceDate "2021.10.06"]
[SourceVersion "1"]
[SourceVersionDate "2021.10.06"]
[SourceQuality "1"]

1. d4 Nf6 2. c4 c5 3. d5 e6 4. Nc3 exd5 5. cxd5 d6 6. e4 g6 7. Bd3 Bg7 8. h3 a6 9. a4 Nfd7 10. Nf3 Ne5 11. Nxe5 Bxe5 12. Be3 O-O 13. Qd2 f5 14. exf5 Bxf5 15. Bxf5 Rxf5 16. O-O Nd7 17. f4 Bxc3 18. bxc3 b5 19. g4 Rf8 20. Kh2 Nb6 21. axb5 axb5 22. Rxa8 Qxa8 23. Rd1 Qa4 24. Qd3 Re8 25. Bc1 Qc4 26. Kg3 Qxd3+ 27. Rxd3 Re1 28. Bd2 Rd1 29. Kf2 Nc4 30. Ke2 Rh1 31. Be1 Kf7 32. f5 Ne5 33. fxg6+ Kxg6 34. Re3 Kg5 35. Bf2 Ra1 36. Bg3 Nc4 37. Re7 Ra2+ 38. Kf3 Nd2+ 39. Ke3 Nf1+ 40. Kf3 Nxg3 41. Kxg3 Ra3 42. h4+ Kf6 43. Re6+ Kf7 44. Rxd6 Rxc3+ 45. Kf4 b4 46. Rd7+ Ke8 47. Rb7 Kd8 48. d6 Kc8 49. Rc7+ Kb8 50. Rc6 Kb7 51. d7 Rd3 52. Rxc5 Kb6 53. Rc4 Kb5 54. Rc7 b3 55. Rb7+ Kc4 56. Ke5 b2 57. Rxb2 Rxd7 58. g5 Rf7 59. Rd2 Kc3 60. Rd6 Kc4 61. h5 Kc5 62. Rf6 Re7+ 63. Re6 Rf7 64. g6 hxg6 65. hxg6 Rf1 66. g7 Rg1 67. Kf6 Rf1+ 68. Ke7 Rg1 69. Kf7 Kd5 70. Rg6 1-0

[Event "Montreal Mercredi 10"]
[Site "Montreal CAN"]
[Date "2013.10.16"]
[Round "3"]
[White "Gauthier, Luc"]
[Black "Ouellet, Maili-Jade"]
[Result "1-0"]
[WhiteElo "1787"]
[BlackElo "1786"]
[PlyCount "135"]
[GameId "2160767909229349"]
[EventDate "2013.10.02"]
[EventType "swiss"]
[EventRounds "5"]
[EventCountry "CAN"]
[SourceTitle "EXT 2022"]
[Source "ChessBase"]
[SourceDate "2021.10.06"]
[SourceVersion "1"]
[SourceVersionDate "2021.10.06"]
[SourceQuality "1"]

1. e4 c5 2. Nc3 Nc6 3. f4 e6 4. Nf3 Nd4 5. g3 Ne7 6. Bg2 d6 7. d3 Bd7 8. Ne2 Nxf3+ 9. Bxf3 d5 10. O-O Bc6 11. Be3 Qb6 12. Rb1 Qa5 13. Qd2 Qxd2 14. Bxd2 O-O-O 15. Be3 b6 16. c3 dxe4 17. dxe4 Rd3 18. Kf2 Bb5 19. Rfd1 c4 20. Nd4 Rxd1 21. Rxd1 Ba4 22. Rd2 Nc6 23. Be2 Nxd4 24. Bxd4 Bc6 25. Bxc4 Bxe4 26. Ba6+ Bb7 27. Bb5 Bc5 28. b4 Bxd4+ 29. Rxd4 Rd8 30. Ke3 a6 31. Rxd8+ Kxd8 32. Bd3 b5 33. c4 bxc4 34. Bxc4 Kc7 35. Kd4 Kd6 36. a4 Bc8 37. a5 f6 38. Bd3 g6 39. b5 axb5 40. Bxb5 Bb7 41. a6 Ba8 42. Bd3 f5 43. Bb5 h6 44. h4 g5 45. hxg5 hxg5 46. fxg5 e5+ 47. Ke3 Ke7 48. Bd3 Ke6 49. a7 e4 50. Bc4+ Ke5 51. Be2 Bb7 52. Kd2 Bd5 53. Kc3 Ba8 54. Kb4 Ke6 55. Bc4+ Ke7 56. Kc5 Kf8 57. Kd6 Kg7 58. Ke5 Kg6 59. Kf4 e3 60. Kxe3 Kxg5 61. Kd4 Kg4 62. Bd5 Bxd5 63. Kxd5 Kxg3 64. a8=Q f4 65. Qg8+ Kf3 66. Qg1 Ke2 67. Ke4 f3 68. Qe3+ 1-0

[Event "Montreal Mercredi 10"]
[Site "Montreal CAN"]
[Date "2013.10.16"]
[Round "3"]
[White "Heredia, Jose"]
[Black "Barko, Maxim"]
[Result "1-0"]
[WhiteElo "1823"]
[BlackElo "1940"]
[PlyCount "111"]
[GameId "2160767909229350"]
[EventDate "2013.10.02"]
[EventType "swiss"]
[EventRounds "5"]
[EventCountry "CAN"]
[SourceTitle "EXT 2022"]
[Source "ChessBase"]
[SourceDate "2021.10.06"]
[SourceVersion "1"]
[SourceVersionDate "2021.10.06"]
[SourceQuality "1"]

1. e4 e6 2. d4 d5 3. exd5 exd5 4. Bd3 Nc6 5. c3 Nge7 6. Qe2 Be6 7. Nf3 Ng6 8. Ng5 Qf6 9. Nxe6 fxe6 10. Qh5 Be7 11. Bxg6+ Qxg6 12. Qxg6+ hxg6 13. Bf4 O-O-O 14. Nd2 g5 15. Bg3 g4 16. O-O-O Bg5 17. Kc2 Rdf8 18. Rde1 Rh6 19. Nb3 Bf4 20. Re2 Bxg3 21. fxg3 Rfh8 22. Nc5 Nd8 23. Rf1 Rxh2 24. Rf4 Rg8 25. Rxg4 g5 26. Nxe6 Re8 27. Nf4 Rxe2+ 28. Nxe2 Nf7 29. Nf4 gxf4 30. gxf4 Kd7 31. Kd3 Ke6 32. Ke3 a5 33. Kf3 Kf5 34. Rg7 Kf6 35. Rg8 Nd6 36. Rf8+ Ke7 37. Ra8 b6 38. Rg8 Rh7 39. Rg5 c6 40. Re5+ Kf6 41. g4 Ne4 42. g5+ Kf7 43. Kg4 Rg7 44. Kf5 Rg6 45. Re7+ Kxe7 46. Kxg6 c5 47. f5 c4 48. f6+ Kf8 49. Kf5 b5 50. g6 b4 51. Ke6 Ng5+ 52. Kxd5 bxc3 53. bxc3 Nf3 54. Kxc4 Nh4 55. g7+ Kf7 56. Kb5 1-0

[Event "Montreal Mercredi 10"]
[Site "Montreal CAN"]
[Date "2013.10.16"]
[Round "3"]
[White "Khudaverdian, Berj"]
[Black "Chesnut, Walter"]
[Result "0-1"]
[WhiteElo "1743"]
[BlackElo "1638"]
[PlyCount "84"]
[GameId "2160767909229351"]
[EventDate "2013.10.02"]
[EventType "swiss"]
[EventRounds "5"]
[EventCountry "CAN"]
[SourceTitle "EXT 2022"]
[Source "ChessBase"]
[SourceDate "2021.10.06"]
[SourceVersion "1"]
[SourceVersionDate "2021.10.06"]
[SourceQuality "1"]

1. e4 e5 2. Nc3 Nc6 3. Nf3 Nf6 4. d3 h6 5. g3 d6 6. Bg2 Be6 7. O-O Be7 8. d4 exd4 9. Nxd4 Nxd4 10. Qxd4 c6 11. Be3 O-O 12. h3 Qc8 13. Kh2 Nd7 14. f4 Bf6 15. Qxd6 Bxc3 16. bxc3 Nf6 17. f5 Rd8 18. Qb4 a5 19. Qc5 Nd7 20. Qa3 Bc4 21. Rfd1 Ne5 22. Bb6 Rxd1 23. Rxd1 Qe8 24. Qa4 Be2 25. Rb1 Nc4 26. Kg1 Ra6 27. Bd4 b5 28. Qb3 Nd2 29. Qb2 Nxb1 30. Qxb1 Bc4 31. a3 Qb8 32. Kh2 Qd6 33. Qc1 f6 34. h4 c5 35. Be3 Qe5 36. Qd2 Rd6 37. Qf2 Qxc3 38. Bxc5 Rd2 39. Qf4 Qxc2 40. Qf3 Be2 41. Qf2 Bg4 42. Qg1 Bf3 0-1

[Event "Montreal Mercredi 10"]
[Site "Montreal CAN"]
[Date "2013.10.16"]
[Round "3"]
[White "Lamoureux, Yvon"]
[Black "Ostaci, Liviu"]
[Result "0-1"]
[WhiteElo "1671"]
[BlackElo "1657"]
[PlyCount "88"]
[GameId "2160767909229352"]
[EventDate "2013.10.02"]
[EventType "swiss"]
[EventRounds "5"]
[EventCountry "CAN"]
[SourceTitle "EXT 2022"]
[Source "ChessBase"]
[SourceDate "2021.10.06"]
[SourceVersion "1"]
[SourceVersionDate "2021.10.06"]
[SourceQuality "1"]

1. e4 d6 2. c4 Nf6 3. Nc3 g6 4. d4 Bg7 5. f3 O-O 6. Be3 Nc6 7. Qd2 a6 8. Nge2 Rb8 9. a4 e5 10. d5 Ne7 11. g4 Nd7 12. Ng3 Nc5 13. Bxc5 dxc5 14. Bd3 Bd7 15. h4 h6 16. h5 g5 17. Nd1 Nc8 18. Ne3 Nd6 19. Kf2 Qe8 20. b3 Kh8 21. Bc2 Rg8 22. Qd3 Bf8 23. Rhe1 f6 24. Reb1 Nf7 25. Ngf5 a5 26. d6 c6 27. Rd1 Nd8 28. Nd5 cxd5 29. exd5 e4 30. fxe4 Bxf5 31. exf5 Qe5 32. Re1 Qf4+ 33. Qf3 Qxf3+ 34. Kxf3 Bxd6 35. Rad1 Kg7 36. Rd2 Nf7 37. Bd1 Ne5+ 38. Kg2 Rge8 39. Rde2 Kf7 40. Re3 Nd3 41. Rxe8 Rxe8 42. Rxe8 Kxe8 43. Kf3 Kd7 44. Ke4 Nf2+ 0-1

[Event "Montreal Mercredi 10"]
[Site "Montreal CAN"]
[Date "2013.10.16"]
[Round "3"]
[White "Levkovsky, Alexandre"]
[Black "Tremblay, Alain"]
[Result "1-0"]
[WhiteElo "2299"]
[BlackElo "2078"]
[PlyCount "77"]
[GameId "2160767909229353"]
[EventDate "2013.10.02"]
[EventType "swiss"]
[EventRounds "5"]
[EventCountry "CAN"]
[SourceTitle "EXT 2022"]
[Source "ChessBase"]
[SourceDate "2021.10.06"]
[SourceVersion "1"]
[SourceVersionDate "2021.10.06"]
[SourceQuality "1"]

1. e4 e5 2. Nf3 Nc6 3. Bb5 a6 4. Ba4 Nf6 5. Qe2 b5 6. Bb3 Be7 7. c3 d6 8. a4 Rb8 9. axb5 axb5 10. O-O O-O 11. d4 Qe8 12. d5 Nd8 13. h3 Nd7 14. Bc2 c6 15. dxc6 Nxc6 16. b4 Qd8 17. Bd3 Qb6 18. Be3 Qb7 19. Na3 Na7 20. Bxa7 Qxa7 21. Nxb5 Qb6 22. Ra5 Nf6 23. Nd2 Qc6 24. c4 Bd8 25. Ra3 Bb6 26. Rfa1 g6 27. Bc2 Nh5 28. Ba4 Nf4 29. Qf1 Qd7 30. Rd1 Qe7 31. Nf3 Rd8 32. Nc3 Ba7 33. Bb5 d5 34. Nxd5 Nxd5 35. Rxd5 Rxd5 36. exd5 e4 37. Nh2 e3 38. fxe3 Bxe3+ 39. Kh1 1-0

[Event "Montreal Mercredi 10"]
[Site "Montreal CAN"]
[Date "2013.10.16"]
[Round "3"]
[White "Lopez Linares, Lizandro"]
[Black "Have, Didier"]
[Result "0-1"]
[WhiteElo "2063"]
[BlackElo "1971"]
[PlyCount "106"]
[GameId "2160767909229355"]
[EventDate "2013.10.02"]
[EventType "swiss"]
[EventRounds "5"]
[EventCountry "CAN"]
[SourceTitle "EXT 2022"]
[Source "ChessBase"]
[SourceDate "2021.10.06"]
[SourceVersion "1"]
[SourceVersionDate "2021.10.06"]
[SourceQuality "1"]

1. d4 d5 2. c4 e6 3. Nc3 f5 4. Nf3 Nf6 5. Bf4 c6 6. e3 Bd6 7. Bd3 O-O 8. O-O Ne4 9. c5 Bc7 10. Qc2 Nd7 11. b4 a6 12. a4 Kh8 13. Rfc1 Ndf6 14. Bxc7 Qxc7 15. Ne5 Nd7 16. Nxd7 Bxd7 17. f3 Nf6 18. f4 g5 19. Qd2 Rg8 20. Kh1 gxf4 21. exf4 Rg4 22. Rf1 Rag8 23. Rf2 Nh5 24. Be2 Rh4 25. Bxh5 Rxh5 26. Qe3 Qd8 27. Qe5+ Rg7 28. g3 Qe8 29. Re1 Qg6 30. Re3 Rh3 31. Qb8+ Be8 32. Ne2 Rh6 33. Ng1 Qf7 34. Rfe2 Qg6 35. Kg2 Qf7 36. Nf3 Rg8 37. Qe5+ Rg7 38. Ng5 Qh5 39. Kf1 Bf7 40. Ke1 Bg8 41. Kd2 Qe8 42. Qxf5 exf5 43. Rxe8 Rhg6 44. Rb8 h6 45. Nf3 Kh7 46. Ree8 Re6 47. Ne5 h5 48. Rf8 h4 49. gxh4 Rg2+ 50. Kd3 Rh6 51. Rxb7+ Rg7 52. Rxg7+ Kxg7 53. Rxf5 Bh7 0-1

[Event "Montreal Mercredi 10"]
[Site "Montreal CAN"]
[Date "2013.10.16"]
[Round "3"]
[White "Struben, Jeroen"]
[Black "Millette, Sylvain"]
[Result "0-1"]
[WhiteElo "1676"]
[BlackElo "1750"]
[PlyCount "98"]
[GameId "2160767909229356"]
[EventDate "2013.10.02"]
[EventType "swiss"]
[EventRounds "5"]
[EventCountry "CAN"]
[SourceTitle "EXT 2022"]
[Source "ChessBase"]
[SourceDate "2021.10.06"]
[SourceVersion "1"]
[SourceVersionDate "2021.10.06"]
[SourceQuality "1"]

1. d4 Nf6 2. c4 g6 3. g3 d5 4. cxd5 Nxd5 5. e4 Nb4 6. d5 c5 7. a3 N4a6 8. Ne2 Bg7 9. Nbc3 O-O 10. Bg2 Bd7 11. O-O e5 12. Qb3 Qc7 13. Nb5 Qb6 14. Nec3 Nc7 15. a4 Nxb5 16. Nxb5 a6 17. Nd4 Qd6 18. Qxb7 cxd4 19. Qxa8 Qb6 20. a5 Qc7 21. Bd2 Bb5 22. Rfc1 Qd7 23. Rc5 Qe7 24. Rac1 Nc6 25. Qxf8+ Bxf8 26. dxc6 Qc7 27. Rd5 Bxc6 28. Bg5 Kg7 29. Bd8 Qb7 30. Rxe5 Bd6 31. Rxc6 Bxe5 32. Rc5 Qxb2 33. Rxe5 d3 34. f4 Qc1+ 35. Kf2 d2 36. Bf3 Qe1+ 37. Kg2 d1=Q 38. Bxd1 Qxd1 39. Bb6 Qe2+ 40. Bf2 f6 41. Re7+ Kf8 42. Rxh7 Qxe4+ 43. Kg1 g5 44. Ra7 gxf4 45. gxf4 Qxf4 46. Rxa6 Qg4+ 47. Kh1 Qe4+ 48. Kg1 Qb1+ 49. Kg2 Qb7+ 0-1

[Event "Montreal Mercredi 10"]
[Site "Montreal CAN"]
[Date "2013.10.16"]
[Round "3"]
[White "Valle-Romo, Ricardo"]
[Black "Lebeau, Gilbert"]
[Result "1-0"]
[WhiteElo "2025"]
[BlackElo "2023"]
[PlyCount "75"]
[GameId "2160767909229357"]
[EventDate "2013.10.02"]
[EventType "swiss"]
[EventRounds "5"]
[EventCountry "CAN"]

1. Nf3 Nf6 2. g3 d5 3. Bg2 g6 4. O-O Bg7 5. d3 O-O 6. Nbd2 Nc6 7. c3 e5 8. Qc2 Re8 9. e4 d4 10. c4 Nb4 11. Qb1 a5 12. a3 Nc6 13. b3 h6 14. Re1 Be6 15. Nf1 Qd7 16. Bd2 Bf8 17. Qb2 Rab8 18. b4 b5 19. c5 a4 20. h4 Kh7 21. N3h2 Bg7 22. f3 h5 23. Bg5 Ng8 24. Qe2 Nh6 25. Bd2 Rf8 26. f4 f5 27. Nf3 Nf7 28. Ng5+ Nxg5 29. hxg5 Rbe8 30. Rac1 Ne7 31. c6 Nxc6 32. exf5 Bd5 33. fxg6+ Kxg6 34. Be4+ Rf5 35. g4 hxg4 36. Ng3 Ne7 37. Qxg4 Ref8 38. Qh5# 1-0

[Event "Montreal Mercredi 10"]
[Site "Montreal CAN"]
[Date "2013.10.23"]
[Round "4"]
[White "Barko, Maxim"]
[Black "Gauthier, Luc"]
[Result "0-1"]
[WhiteElo "1940"]
[BlackElo "1787"]
[PlyCount "114"]
[GameId "2160767909229358"]
[EventDate "2013.10.02"]
[EventType "swiss"]
[EventRounds "5"]
[EventCountry "CAN"]
[SourceTitle "EXT 2022"]
[Source "ChessBase"]
[SourceDate "2021.10.06"]
[SourceVersion "1"]
[SourceVersionDate "2021.10.06"]
[SourceQuality "1"]

1. d4 d5 2. Nf3 Nc6 3. Bf4 Bg4 4. e3 e6 5. Bb5 Bd6 6. h3 Bh5 7. g4 Bg6 8. Ne5 Nge7 9. c4 a6 10. Bxc6+ Nxc6 11. cxd5 Nxe5 12. dxe5 Bb4+ 13. Ke2 Qxd5 14. Qxd5 exd5 15. a3 Be7 16. Nc3 c6 17. Bg3 h5 18. f4 Bc2 19. Rac1 Bb3 20. f5 O-O-O 21. Bf2 h4 22. Nb1 Bc4+ 23. Kf3 Bg5 24. Rhd1 Rhe8 25. a4 a5 26. Nd2 Ba6 27. Nb3 Rxe5 28. Nxa5 d4 29. Nxc6 bxc6 30. Rxc6+ Kb7 31. Rxd4 Rxd4 32. exd4 Be2+ 33. Kg2 Kxc6 34. dxe5 Kd5 35. e6 fxe6 36. fxe6 Kxe6 37. b4 Kd5 38. b5 Bd8 39. b6 Kc6 40. a5 Ba6 41. Bd4 g6 42. Kf3 Kd5 43. Be3 Kc6 44. g5 Bc8 45. a6 Bxb6 46. a7 Bb7 47. Bxb6 Kxb6+ 48. Kg4 Kxa7 49. Kxh4 Bf3 50. Kg3 Bh5 51. Kf4 Kb6 52. Ke5 Kc5 53. Ke4 Kc4 54. Ke5 Kd3 55. Kf4 Kd4 56. Kg3 Ke5 57. Kh4 Kf5 0-1

[Event "Montreal Mercredi 10"]
[Site "Montreal CAN"]
[Date "2013.10.23"]
[Round "4"]
[White "Boudreau, Daniel"]
[Black "Valle-Romo, Ricardo"]
[Result "1-0"]
[WhiteElo "2067"]
[BlackElo "2025"]
[PlyCount "45"]
[GameId "2160767909229359"]
[EventDate "2013.10.02"]
[EventType "swiss"]
[EventRounds "5"]
[EventCountry "CAN"]

1. e4 c5 2. f4 e6 3. c4 Nc6 4. Nc3 g5 5. fxg5 Qxg5 6. Nf3 Qh5 7. Nb5 Rb8 8. Nc7+ Kd8 9. Nb5 a6 10. Nc3 Bg7 11. Be2 Nge7 12. d3 f6 13. Bf4 Ra8 14. Qb3 Qf7 15. Qb6+ Ke8 16. Qxc5 f5 17. O-O Rg8 18. Kh1 h6 19. Rae1 Bxc3 20. bxc3 Qg7 21. Nh4 e5 22. Bh5+ Kf8 23. Ng6+ 1-0

[Event "Montreal Mercredi 10"]
[Site "Montreal CAN"]
[Date "2013.10.23"]
[Round "4"]
[White "Chesnut, Walter"]
[Black "Ostaci, Liviu"]
[Result "0-1"]
[WhiteElo "1638"]
[BlackElo "1657"]
[PlyCount "78"]
[GameId "2160767909229360"]
[EventDate "2013.10.02"]
[EventType "swiss"]
[EventRounds "5"]
[EventCountry "CAN"]
[SourceTitle "EXT 2022"]
[Source "ChessBase"]
[SourceDate "2021.10.06"]
[SourceVersion "1"]
[SourceVersionDate "2021.10.06"]
[SourceQuality "1"]

1. e4 e5 2. Nf3 Nc6 3. Bb5 a6 4. Bxc6 dxc6 5. O-O Bd6 6. d4 exd4 7. Qxd4 f6 8. Re1 Ne7 9. Qc4 Ng6 10. e5 Nxe5 11. Nxe5 fxe5 12. Bf4 Qf6 13. Bxe5 Bxe5 14. f4 Be6 15. fxe5 Qf7 16. Qh4 O-O 17. Nc3 Qg6 18. Qe4 Qh6 19. Qe3 Qxe3+ 20. Rxe3 b6 21. Ne2 Rad8 22. Rd3 Rxd3 23. cxd3 c5 24. Ng3 Rd8 25. Ne2 g5 26. Nc3 Rf8 27. Ne4 Rf5 28. Re1 Kf7 29. Ng3 Rf4 30. Ne4 h6 31. b3 Ke7 32. g3 Rf3 33. Nf2 Bd5 34. Kf1 Ke6 35. g4 Rf4 36. Re3 a5 37. h3 a4 38. bxa4 Rxa4 39. Nd1 Ra3 0-1

[Event "Montreal Mercredi 10"]
[Site "Montreal CAN"]
[Date "2013.10.23"]
[Round "4"]
[White "Cloutier, Mathieu"]
[Black "Leveille, Francois"]
[Result "0-1"]
[WhiteElo "2104"]
[BlackElo "2342"]
[PlyCount "112"]
[GameId "2160767909229361"]
[EventDate "2013.10.02"]
[EventType "swiss"]
[EventRounds "5"]
[EventCountry "CAN"]
[SourceTitle "EXT 2022"]
[Source "ChessBase"]
[SourceDate "2021.10.06"]
[SourceVersion "1"]
[SourceVersionDate "2021.10.06"]
[SourceQuality "1"]

1. e4 e6 2. d4 d5 3. Nc3 Nf6 4. Bg5 Bb4 5. e5 h6 6. Bd2 Bxc3 7. bxc3 Ne4 8. Qg4 Kf8 9. Bd3 Nxd2 10. Kxd2 c5 11. f4 c4 12. Be2 Nc6 13. Qf3 Qa5 14. Qe3 Qa3 15. Nf3 b5 16. Rhb1 Rb8 17. g4 a5 18. Bf1 Bd7 19. Bg2 Ke7 20. Nh4 Kd8 21. f5 Kc7 22. fxe6 fxe6 23. Ng6 Rhd8 24. Nf4 Bc8 25. Ng6 Bd7 26. Nf4 Kc8 27. Bh3 Rb6 28. g5 hxg5 29. Nxe6 Rh8 30. Nxg5 Bxh3 31. Nxh3 b4 32. Nf2 Rxh2 33. Ke2 Rb7 34. Rh1 Rxh1 35. Rxh1 Qxa2 36. Qh3+ Kb8 37. Qe6 Qxc2+ 38. Kf1 Qc1+ 39. Kg2 Qg5+ 40. Kf1 Ne7 41. Rh8+ Ka7 42. Qd6 Qg6 43. e6 Qb1+ 44. Kg2 bxc3 45. Qd8 Qb4 46. Qa8+ Kb6 47. Qd8+ Ka6 48. Rh1 Qb6 49. Qa8+ Ra7 50. Qf8 Qxe6 51. Qf3 Qg6+ 52. Kh2 c2 53. Qc3 Ra8 54. Ra1 Rh8+ 55. Nh3 Nc6 56. Qa3 Qd3 0-1

[Event "Montreal Mercredi 10"]
[Site "Montreal CAN"]
[Date "2013.10.23"]
[Round "4"]
[White "Have, Didier"]
[Black "Lebeau, Gilbert"]
[Result "0-1"]
[WhiteElo "1971"]
[BlackElo "2023"]
[PlyCount "60"]
[GameId "2160767909229363"]
[EventDate "2013.10.02"]
[EventType "swiss"]
[EventRounds "5"]
[EventCountry "CAN"]
[SourceTitle "EXT 2022"]
[Source "ChessBase"]
[SourceDate "2021.10.06"]
[SourceVersion "1"]
[SourceVersionDate "2021.10.06"]
[SourceQuality "1"]

1. e4 c5 2. b4 e5 3. Nf3 Nf6 4. Bc4 Be7 5. Nxe5 O-O 6. bxc5 Bxc5 7. d4 Bb6 8. Bg5 d6 9. Nf3 Bg4 10. c3 Nbd7 11. O-O Rc8 12. Bd3 Re8 13. Re1 h6 14. Bh4 Ba5 15. h3 Bxf3 16. Qxf3 Qb6 17. Re2 Bxc3 18. Nxc3 Qxd4 19. Bxf6 Nxf6 20. Rc1 Rxc3 21. Rxc3 Qxc3 22. Kh2 Qd4 23. g3 Nd7 24. Bb5 Ne5 25. Qf5 Re6 26. Rc2 g6 27. Rc8+ Kg7 28. Qf4 Rf6 29. Rg8+ Kxg8 30. Qxf6 Ng4+ 0-1

[Event "Montreal Mercredi 10"]
[Site "Montreal CAN"]
[Date "2013.10.23"]
[Round "4"]
[White "Khudaverdian, Berj"]
[Black "Struben, Jeroen"]
[Result "0-1"]
[WhiteElo "1743"]
[BlackElo "1676"]
[PlyCount "140"]
[GameId "2160767909229364"]
[EventDate "2013.10.02"]
[EventType "swiss"]
[EventRounds "5"]
[EventCountry "CAN"]
[SourceTitle "EXT 2022"]
[Source "ChessBase"]
[SourceDate "2021.10.06"]
[SourceVersion "1"]
[SourceVersionDate "2021.10.06"]
[SourceQuality "1"]

1. e4 d6 2. d4 Nf6 3. Nc3 g6 4. Bg5 Bg7 5. Nf3 c6 6. Bd3 Qb6 7. Na4 Qa5+ 8. c3 b5 9. e5 dxe5 10. Bxf6 Bxf6 11. dxe5 Bg7 12. Nc5 b4 13. Nb3 Qb6 14. O-O bxc3 15. bxc3 O-O 16. Rb1 Qc7 17. Re1 Bg4 18. Qe2 Nd7 19. h3 Bxf3 20. gxf3 Nxe5 21. Be4 Rad8 22. f4 Nd7 23. Qf3 c5 24. Nc1 Rb8 25. Bb7 e6 26. Ne2 Nb6 27. Be4 Nc4 28. Rxb8 Rxb8 29. Qd3 Nd6 30. Bg2 Nf5 31. Rd1 Bf6 32. Qc4 Rb2 33. Re1 Rd2 34. Ng3 Nh4 35. Ne4 Qxf4 36. Nxd2 Qxd2 37. Re3 Nxg2 38. Kxg2 Qd5+ 39. Qxd5 exd5 40. Re8+ Kg7 41. Rc8 Bxc3 42. Rxc5 d4 43. Kf1 Kf6 44. Ke2 a5 45. Kd3 Ke6 46. Rc7 h5 47. f4 f6 48. Ke4 f5+ 49. Kd3 Kf6 50. Rc6+ Kf7 51. a4 Kg7 52. Kc4 Kh6 53. Kd5 Bd2 54. Ke5 Be3 55. Rd6 h4 56. Rd7 Bd2 57. Ra7 Bc3 58. Kd5 d3 59. Kc4 d2 60. Rd7 Bb4 61. Kb3 g5 62. fxg5+ Kxg5 63. Kc2 Kf4 64. Rd4+ Kg3 65. Rxb4 axb4 66. a5 f4 67. a6 f3 68. a7 f2 69. a8=Q d1=Q+ 70. Kxd1 f1=Q+ 0-1

[Event "Montreal Mercredi 10"]
[Site "Montreal CAN"]
[Date "2013.10.23"]
[Round "4"]
[White "Lopez Linares, Lizandro"]
[Black "Cardin, Guillaume"]
[Result "1-0"]
[WhiteElo "2063"]
[BlackElo "2061"]
[PlyCount "71"]
[GameId "2160767909229366"]
[EventDate "2013.10.02"]
[EventType "swiss"]
[EventRounds "5"]
[EventCountry "CAN"]
[SourceTitle "EXT 2022"]
[Source "ChessBase"]
[SourceDate "2021.10.06"]
[SourceVersion "1"]
[SourceVersionDate "2021.10.06"]
[SourceQuality "1"]

1. d4 f5 2. g3 Nf6 3. Bg2 e6 4. c4 c6 5. Nc3 d5 6. Nf3 Bd6 7. O-O O-O 8. Bf4 Bxf4 9. gxf4 b6 10. Ne5 Bb7 11. Qb3 Nbd7 12. e3 Qe7 13. Rac1 Rac8 14. Rfd1 Ne4 15. Nxe4 dxe4 16. c5 Nxe5 17. dxe5 b5 18. Rd6 Kf7 19. Rcd1 Rc7 20. f3 exf3 21. Bxf3 Rg8 22. Kh1 a5 23. a4 b4 24. e4 fxe4 25. Bxe4 g6 26. f5 gxf5 27. Bxf5 Bc8 28. Rf1 Kg7 29. Bxh7 Rf8 30. Rg1+ Kh8 31. Bc2 Qh4 32. Rd4 Qh6 33. Qg3 Rg7 34. Rh4 Rxg3 35. Rxh6+ Kg7 36. Rh7+ 1-0

[Event "Montreal Mercredi 10"]
[Site "Montreal CAN"]
[Date "2013.10.23"]
[Round "4"]
[White "Millette, Sylvain"]
[Black "Lamoureux, Yvon"]
[Result "1/2-1/2"]
[WhiteElo "1750"]
[BlackElo "1671"]
[PlyCount "52"]
[GameId "2160767909229367"]
[EventDate "2013.10.02"]
[EventType "swiss"]
[EventRounds "5"]
[EventCountry "CAN"]
[SourceTitle "EXT 2022"]
[Source "ChessBase"]
[SourceDate "2021.10.06"]
[SourceVersion "1"]
[SourceVersionDate "2021.10.06"]
[SourceQuality "1"]

1. Nf3 Nf6 2. g3 g6 3. Bg2 Bg7 4. d4 O-O 5. O-O d6 6. c3 Nbd7 7. Nbd2 e5 8. dxe5 dxe5 9. Ng5 c6 10. Nde4 Nb6 11. Nxf6+ Bxf6 12. Ne4 Be7 13. Qc2 f5 14. Rd1 Qe8 15. Nd6 Bxd6 16. Rxd6 Qe7 17. Qd3 Be6 18. Bg5 Qxg5 19. Rxe6 Rad8 20. Rd6 Qe7 21. Rd1 Rxd6 22. Qxd6 Qxd6 23. Rxd6 Kf7 24. b3 Ke7 25. Rd2 Rf6 26. Kf1 Rd6 1/2-1/2

[Event "Montreal Mercredi 10"]
[Site "Montreal CAN"]
[Date "2013.10.21"]
[Round "5"]
[White "Ostaci, Liviu"]
[Black "Millette, Sylvain"]
[Result "1-0"]
[WhiteElo "1657"]
[BlackElo "1750"]
[PlyCount "81"]
[GameId "2160767909229369"]
[EventDate "2013.10.02"]
[EventType "swiss"]
[EventRounds "5"]
[EventCountry "CAN"]
[SourceTitle "EXT 2022"]
[Source "ChessBase"]
[SourceDate "2021.10.06"]
[SourceVersion "1"]
[SourceVersionDate "2021.10.06"]
[SourceQuality "1"]

1. d4 Nf6 2. Nf3 g6 3. g3 Bg7 4. Bg2 d5 5. O-O O-O 6. Bg5 c6 7. c3 Nbd7 8. Nbd2 h6 9. Bxf6 Nxf6 10. Ne5 Ng4 11. Nxg4 Bxg4 12. f3 Be6 13. e4 Qd7 14. Nb3 b6 15. Qe2 Rfe8 16. e5 Bh3 17. Rae1 Bxg2 18. Kxg2 e6 19. f4 Qe7 20. Qf2 Rac8 21. Nd2 c5 22. Nf3 c4 23. Nh4 b5 24. g4 b4 25. f5 exf5 26. gxf5 Qg5+ 27. Kh1 bxc3 28. bxc3 Qh5 29. fxg6 fxg6 30. Qf7+ Kh7 31. Nf5 Rg8 32. Nxg7 Rxg7 33. Qxd5 g5 34. e6 Qe8 35. Qf5+ Kh8 36. d5 Qe7 37. Qf6 Qd6 38. Re5 Kg8 39. e7 Qxf6 40. Rxf6 Re8 41. d6 1-0